U V W X Y Z animals - Statistics

General Stats
  • This quiz has been taken 49 times
  • The average score is 9 of 16
Answer Stats
Picture Answer % Correct
Unicorn
92%
Zebra
92%
Walrus
84%
Whale
78%
Wolf
78%
Vulture
70%
Yak
65%
Urchin
62%
Yorkshire terrier
62%
Worm
57%
Wallaby
46%
Vampire bat
32%
Vole
30%
X-ray fish
22%
Westie
19%
Wren
8%
No matching quizzes found
Score Distribution
Percent of People with Each Score
Percentile by Number Answered
Your Score History
You have not taken this quiz